Municipalities of Nagano - Click Map - Statistics

General Stats
  • This quiz has been taken 9 times
  • The average score is 21 of 77
Answers on the Map
Answers color-coded by a green-red scale on the quiz's map according to % correct below.
 
Answer Stats
Answer % Correct
Matsumoto 松本市 まつもとし
67%
Iida 飯田市 いいだし
50%
Iiyama 飯山市 いいやまし
50%
Karuizawa 軽井沢町 かるいざわまち
50%
Kiso (town) 木曽町 きそまち
50%
Nagano 長野市 ながのし
50%
Okaya 岡谷市 おかやし
50%
Saku 佐久市 さくし
50%
Shiojiri 塩尻市 しおじりし
50%
Suwa 諏訪市 すわし
50%
Ueda 上田市 うえだし
50%
Yamanouchi 山ノ内町 やまのうちまち
50%
Agematsu 上松町 あげまつまち
33%
Asahi 朝日村 あさひむら
33%
Azumino 安曇野市 あづみのし
33%
Chikuma 千曲市 ちくまし
33%
Chino 茅野市 ちのし
33%
Hakuba 白馬村 はくばむら
33%
Ina 伊那市 いなし
33%
Kiso (village) 木祖村 きそむら
33%
Matsukawa (town) 松川町 まつかわまち
33%
Minamiminowa 南箕輪村 みなみみのわむら
33%
Minowa 箕輪町 みのわまち
33%
Nagiso 南木曽町 なぎそまち
33%
Neba 根羽村 ねばむら
33%
Ogawa 小川村 おがわむら
33%
Otari 小谷村 おたりむら
33%
Sakae 栄村 さかえむら
33%
Shimosuwa 下諏訪町 かみすわまち
33%
Suzaka 須坂市 すざかし
33%
Tateshina 立科町 たてしなまち
33%
Tatsuno 辰野町 たつのまち
33%
Tenryu 天龍村 てんりゅうむら
33%
Yamagata 山形村 やまがたむら
33%
Achi 阿智村 あちむら
17%
Anan 阿南町 あなんちょう
17%
Aoki 青木村 あおきむら
17%
Chikuhoku 筑北村 ちくほくむら
17%
Fujimi 富士見町 ふじみまち
17%
Hara 原村 はらむら
17%
Hiraya 平谷村 ひらやむら
17%
Iijima 飯島町 いいじままち
17%
Iizuna 飯綱町 いいづなまち
17%
Ikeda 池田町 いけだまち
17%
Ikusaka 生坂村 いくさかむら
17%
Kawakami 川上村 かわかみむら
17%
Kijimadaira 木島平村 きじまだいらむら
17%
Kitaaiki 北相木村 きたあいきむら
17%
Komagane 駒ヶ根市 こまがねし
17%
Komoro 小諸市 こもろし
17%
Koumi 小海町 こうみまち
17%
Matsukawa (village) 松川村 まつかわむら
17%
Minamiaiki 南相木村 みなみあいきむら
17%
Minamimaki 南牧村 みなみまきむら
17%
Miyada 宮田村 みやだむら
17%
Miyota 御代田町 みよたまち
17%
Nagawa 長和町 ながわまち
17%
Nakagawa 中川村 なかがわむら
17%
Nakano 中野市 なかのし
17%
Nozawaonsen 野沢温泉村 のざわおんせんむら
17%
Obuse 小布施町 おぶせまち
17%
Okuwa 大桑村 おおくわむら
17%
Omachi 大町市 おおまちし
17%
Omi 麻績村 おみむら
17%
Oshika 大鹿村 おおしかむら
17%
Otaki 王滝村 おうたきむら
17%
Sakaki 坂城町 さかきまち
17%
Sakuho 佐久穂町 さくほまち
17%
Shimojo 下條村 しもじょうむら
17%
Shinano 信濃町 しなのまち
17%
Takagi 喬木村 たかぎむら
17%
Takamori 高森町 たかもりまち
17%
Takayama 高山村 たかやまむら
17%
Tomi 東御市 とうみし
17%
Toyooka 豊丘村 とよおかむら
17%
Urugi 売木村 うるぎむら
17%
Yasuoka 泰阜村 やすおかむら
17%
No matching quizzes found
Score Distribution
Percent of People with Each Score
Percentile by Number Answered
Your Score History
You have not taken this quiz